00684nam a2200217Ia 450000500170000000800410001704000190005804100120007708200180008910000240010724500420013125000160017326000350018930000390022444000310026350400500029465000150034465100650035970000320042485000100045620220802105120.0131103s9999 xx 000 0 und d aLoreto College aEnglish a551.4608bSHE aShepard, Francis P. aSubmarine GeologycFrancis P. Shepard a2nd edition aNew YorkbHarper and Rowc1963 axviii, 557 p.b ill., fig., tables aHarper's geoscience series aIncludes bibliographical references and index aGeology -  aGeology - Hydrosphere and ocenography - Submarine geology -  aCroneir, Carey (series ed.) aLCLIB